Manažérstvo rizík civilizačných a prírodných katastrof v územných obvodoch samosprávnych celkov

Riziko, druhy rizík, manažérstvo rizika - výklad pojmov. Analýza súčasného stavu vykonávania analýzy rizík vzniku mimoriadnych udalostí v územných obvodoch. Zber podkladov na vypracovanie analýzy. Využívanie analýzy územia orgánmi samosprávy miest a obcí. Návrh možnej metodiky manažérstva rizík územ...

Full description

Saved in:
Bibliographic Details
Main Author: Filip, Stanislav
Other Authors: Hudáková, Monika
Format: Book Chapter
Language:Slovak
Subjects:
Tags: Add Tag
No Tags, Be the first to tag this record!

MARC

LEADER 00000naa$a2200000$$$4500
001 0091919
005 20231012075158.0
041 0 |a slo 
044 |a SK 
245 1 0 |a Manažérstvo rizík civilizačných a prírodných katastrof v územných obvodoch samosprávnych celkov  |c Stanislav Filip, Monika Hudáková 
520 |a Riziko, druhy rizík, manažérstvo rizika - výklad pojmov. Analýza súčasného stavu vykonávania analýzy rizík vzniku mimoriadnych udalostí v územných obvodoch. Zber podkladov na vypracovanie analýzy. Využívanie analýzy územia orgánmi samosprávy miest a obcí. Návrh možnej metodiky manažérstva rizík územných obvodov na vznik mimoriadnych situácií. 
610 2 0 |a riziko 
610 2 0 |a pojmy 
610 2 0 |a risk management 
610 2 0 |a analýzy 
610 2 0 |a samospráva 
100 1 |a Filip, Stanislav 
700 1 |a Hudáková, Monika